This Love - Maroon 5 - All Lyrics - Statistics

General Stats
  • This quiz has been taken 187 times
  • The average score is 267 of 321
Answer Stats
Answer % Correct
I
100%
oh
100%
oh,
100%
(Oh,
100%
oh-oh)
100%
uh-oh
100%
Woah,
100%
yeah,
100%
yeah)
100%
(Yeah)
100%
love
98%
This
98%
to
98%
a
97%
no
97%
goodbye
96%
she
96%
She
96%
before
94%
times
94%
has
93%
has...
93%
her
93%
Her
93%
in
93%
it
93%
many
93%
me
93%
said
92%
its
91%
(It's
91%
it's
91%
on
91%
taken
91%
too
91%
anymore
88%
heart,
88%
heart
88%
so
88%
So
88%
And
87%
and
87%
is
87%
the
87%
The
87%
toll
87%
my
86%
My
86%
say
86%
breaking
84%
have
82%
of
82%
was
82%
choice,
81%
not
81%
'cause
80%
eyes
79%
front
79%
did
78%
recognize
77%
won't
77%
burning
76%
fire
76%
you
74%
high
72%
that
72%
do
71%
But
68%
but
68%
mind
68%
your
65%
again
62%
again,
62%
Then
62%
want
62%
always
61%
every
60%
hard
60%
just
60%
never
60%
plane,
60%
like
59%
best
58%
feel
58%
got
58%
Keep
58%
keep
58%
what
58%
know
57%
broken
56%
night
56%
satisfied,
56%
tried
56%
same
55%
appetite
54%
chaos
54%
game
54%
controlled
53%
feed
53%
return
53%
that's
50%
wings
50%
Pretending
49%
alright
48%
alright,
48%
coming
48%
make
48%
things,
47%
because
46%
playing
45%
these
44%
I'll
43%
repair
42%
sure
42%
everything's
41%
fingertips
41%
inch
41%
hips,
40%
Kept
39%
as
38%
fix
38%
leave
38%
turn
38%
around
37%
pressure
35%
Whispered
32%
into
21%
sinking
21%
No matching quizzes found
Score Distribution
Percent of People with Each Score
Percentile by Number Answered
Your Score History
You have not taken this quiz